Pro Sports Teams in Canada - Statistics

General Stats
  • This quiz has been taken 145 times
  • The average score is 14 of 21
Answer Stats
League Team % Correct
NHL Edmonton Oilers
95%
NHL Montreal Canadiens
95%
MLB Toronto Blue Jays
95%
NHL Toronto Maple Leafs
95%
NBA Toronto Raptors
93%
NHL Vancouver Canucks
91%
NHL Ottawa Senators
88%
NHL Calgary Flames
86%
NHL Winnipeg Jets
86%
MLS Toronto FC
61%
MLS CF Montreal
59%
MLS Vancouver Whitecaps FC
59%
CFL BC Lions
49%
CFL Montreal Alouettes
49%
CFL Saskatchewan Roughriders
49%
CFL Calgary Stampeders
46%
CFL Edmonton Elks
46%
CFL Toronto Argonauts
46%
CFL Hamilton Tiger-Cats
45%
CFL Winnipeg Blue Bombers
45%
CFL Ottawa Redblacks
38%
No matching quizzes found
Score Distribution
Percent of People with Each Score
Percentile by Number Answered
Your Score History
You have not taken this quiz